Представление документа в формате MARC21

Поле Инд. ПП Название Значение
Тип записи a
Библиографический уровень m
001 Контрольный номер f8d7607f7b2e4e4389b3a646c913f119
005 Дата корректировки 20181022100040.9
020 a ISBN 978-5-8114-1428-4
040 a Служба первич. каталог. НБ ТвГУ
b Код языка каталог. rus
e Правила каталог. PSBO
041 0_ a Код языка текста rus
080 a Индекс УДК 517(075.8)
084 a Индекс другой классификации/Индекс ББК В161я73-1
090 a Полочн. индекс В161я73
x Авторский знак Г 69
097 b Оператор mimoza
100 1_ a Автор Горлач Борис Алексеевич
q Полное имя Горлач Б. А.
245 10 a Заглавие Математический анализ
b Продолж. заглавия учебное пособие
260 c Дата издания 2013
a Место издания Санкт-Петербург [и др.]
b Издательство Лань
300 a Объем 600 с.
b Иллюстрации/ тип воспроизводства ил.
504 a Библиография Предм. указ.: с. 591-594. - Библиогр.: с. 582
520 0_ a Аннотация Изложение соответствует программам математических дисциплин для экономических специальностей. Экономическая направленность определяется рассмотренными приложениями математики к экономике и примерами решения экономических задач. Основная часть курса также соответствует программам математической подготовки студентов инженерно-технических специальностей. Разобраны решения типовых задач. Даны условия задач для самостоятельного решения и задания для выполнения расчетных работ. Приведены вопросы для самопроверки усвоения материала и типовые контрольные работы. Пособие предназначено для студентов указанных специальностей различных форм обучения для самостоятельного овладения материалом. Методические разработки практических занятий будут полезны преподавателям математики.
653 0_ a Ключевые слова Математический анализ
a Ключевые слова Введение в анализ
a Ключевые слова Последовательности (мат.)
a Ключевые слова Пределы (мат.)
a Ключевые слова Производная (мат.)
a Ключевые слова Дифференциал
a Ключевые слова Функции (мат. )
a Ключевые слова Интегрирование
a Ключевые слова Дифференциальные уравнения
a Ключевые слова Ряды (мат.)
a Ключевые слова Учебники для вузов
901 t Тип документа m
920 a Оператор Семен
a Оператор Суха
a Оператор Стро
930 a Новая/Ретро новая
952 c Вид литературы К ру
954 b Дата поступления в ОК 20180912
a Дата поступления на обработку 20180928
c Дата окончания ОНО 20181022